| 000 | 00410nam a2200169Ia 4500 | ||
|---|---|---|---|
| 008 | 230718s9999 xx 000 0 und d | ||
| 041 | _aeng | ||
| 082 |
_a604.20 _bKUM |
||
| 100 |
_aKumar A. _9111386 |
||
| 245 | _aEngineering Graphics II | ||
| 250 | _a5th ed. | ||
| 260 |
_c2004 _bTech Max Publications |
||
| 300 | _a838 | ||
| 365 |
_cRs. _b395.00 |
||
| 700 |
_aKumar A. _9111386 |
||
| 906 |
_cALLIED _b59.25 |
||
| 999 |
_c306882 _d306882 |
||